00471 2200169 4500245006400000020002200064250001000086100002000096700002900116650002700145650001000172005001900182260006500201041001400266084001200280336000900292 aMengenal Masa Kecil Sastra IndonesiacHasta IndriyanahText a978-602-437-414-3 aCet.1 aHasta Indriyana aMeity Taqdir Qodratillah aKesusastraan Indonesia aEbook a20241105134428 aJakarta TimurbBadan Pengembangan dan Pembinaan Bahasac2018 aIndonesia a899.209 atext